000 00475nam a2200181Ia 4500
003 GCL
008 140319s9999 xx 000 0 ara d
040 _aGCL /
_cGCL
082 0 4 _a814.004
_bع ش
100 1 _aعبدالقوى مكاوى
245 1 0 _aشهادتى للتاريخ /
_cعبدالقوى مكاوى
300 _a439 ص
490 _a
650 0 4 _aالادب العربى
650 0 4 _aالمقالات
650 0 4 _aالمجموعات
942 _2ddc
_cBK
999 _c44376
_d44376